000 00490nam a2200181Ia 4500
003 GCL
008 140319s9999 xx 000 0 eng d
040 _aGCL /
_cGCL
082 0 4 _a620.319
_bH F
100 1 _aNACHMIAS, DAVID
245 1 0 _aFUNDAMENTALS OF OPERATIONAL AMPLIFIERS AND LINEAR INTEGRATED CIRCUITS /
_cNACHMIAS, DAVID
260 _a[S.N] :
_bzeitouna ،
_c1992
300 _a422 P
650 0 4 _aLINEAR
650 0 4 _aLINEAR SYSTEM
650 0 4 _aAMPLIFIERS
942 _2ddc
_cBK
999 _c11062
_d11062